000 00420nam a2200169Ia 4500
008 230711s9999||||xx |||||||||||||| ||und||
041 _aENG
082 _a627
_bSH-I
100 _aSharma.R.K
245 0 _aIrrigation engineeing ( including hydrology )
250 _a3rd Ed.
260 _c2007
_aNew Delhi
_bS.Chand & Company Ltd
300 _a732
650 _aCivil Engineering
700 _aSharma,T.K
942 _cBK
999 _c4988
_d4988